The Curious Leader: (Record no. 11533)

MARC details
000 -LEADER
fixed length control field 00611nam a22001577a 4500
020 ## - INTERNATIONAL STANDARD BOOK NUMBER
ISBN 9781962280785
082 ## - DEWEY DECIMAL CLASSIFICATION NUMBER
Classification number 658.409BAS
100 ## - MAIN ENTRY--AUTHOR NAME
Personal name Bassford, Jon.
245 ## - TITLE STATEMENT
Title The Curious Leader:
Sub Title Unlocking Innovation, Empowering Teams, and Driving Change
260 ## - PUBLICATION, DISTRIBUTION, ETC. (IMPRINT)
Place of publication Wyoming
Name of publisher Reflek
Year of publication 2025
300 ## - PHYSICAL DESCRIPTION
Number of Pages xviii, 220p.
520 ## - SUMMARY, ETC.
Summary, etc The Curious Leader shows how curiosity becomes a practical leadership advantage — one that helps leaders think more clearly, strengthen execution, and build cultures that support innovation, growth, and change.
650 ## - SUBJECT ADDED ENTRY--TOPICAL TERM
Topical Term Leadership.
942 ## - ADDED ENTRY ELEMENTS (KOHA)
Koha item type Book
Holdings
Withdrawn status Lost status Damaged status Not for loan Permanent Location Current Location Shelving location Date acquired Cost, normal purchase price Full call number Accession Number Price effective from Koha item type
        UONGOZI Institute Resources Centre - Dar es Salaam UONGOZI Institute Resources Centre - Dar es Salaam Leadership 07/19/2026 70365.00 658.409BAS UR010555 07/01/2026 Book
        UONGOZI Institute Resources Centre - Dar es Salaam UONGOZI Institute Resources Centre - Dar es Salaam Leadership 07/19/2026 70365.00 658.409BAS UR010556 07/01/2026 Book
        UONGOZI Institute Resources Centre - Dodoma UONGOZI Institute Resources Centre - Dodoma Leadership 06/19/2026   658.409BAS URD003165 06/19/2026 Book
        UONGOZI Institute Resources Centre - Dodoma UONGOZI Institute Resources Centre - Dodoma Leadership 06/19/2026   658.409BAS URD003166 06/19/2026 Book